000 00329nam a2200133Ia 4500
005 20251222143314.0
008 251222s9999||||xx |||||||||||||| ||spa||
020 _a84-7020-198-0
082 _a270/L12
100 _aLaboa, Juan MarĂ­a
245 0 _aLa larga marcha de la Iglesia
264 _bBiblioteca XX Siglos
942 _cLIB
999 _c15813
_d15813